Journal of communication & language arts(JCLA) (Record no. 38371)

MARC details
000 -LEADER
fixed length control field 00433nam a2200169Ia 4500
022 ## - INTERNATIONAL STANDARD SERIAL NUMBER
ISSN 15970077
050 ## - CALL MARK
Classification number P 87. J68/
245 #0 - TITLE STATEMENT
Title Journal of communication & language arts(JCLA)
260 ## - PUBLICATION, DISTRIBUTION, ETC. (IMPRINT)
Place of publication Nigeria
260 ## - PUBLICATION, DISTRIBUTION, ETC. (IMPRINT)
Name of publisher Grreenminds media
260 ## - PUBLICATION, DISTRIBUTION, ETC. (IMPRINT)
Year of publication 2014
300 ## - PHYSICAL DESCRIPTION
Number of Pages 180 p. ; :ill. 21 cm.
650 ## - SUBJECT ADDED ENTRY--TOPICAL TERM
Topical Term Arts. Arts--Periodicals.
942 ## - ADDED ENTRY ELEMENTS (KOHA)
Koha item type Serials

No items available.